Missing Word: Gilligan’s Island Lyrics Quiz Stats

 Plays Quiz Updated Jun 11, 2018

Challenge
Share
Tweet
Embed
Score 0/24 Timer 03:00
0 Plays Today
Lyrics Missing Word % Correct
And you'll _____ a tale,hear
97.5%
Just _____ right backsit
97%
For a _____ hour tour,three
94.8%
A _____ hour tour.three
94.8%
The _____ star,movie
89.8%
The _____ brave and sure.Skipper
88.7%
With _____ , the Skipper too,Gilligan
87.3%
The _____ and Mary Ann,professor
86.3%
Here on Gilligan's _____ .Isle
85%
The _____ and his wife,millionaire
84%
_____ this tiny ship.Aboard
83.9%
The _____ would be lost,Minnow
82.1%
Lyrics Missing Word % Correct
The _____ would be lost.Minnow
82.1%
A tale of a _____ trip,fateful
80.4%
The tiny ship was _____ .tossed
79%
The _____ started getting rough,weather
70.5%
Five _____ set sail that daypassengers
67.6%
Of the _____ crew,fearless
66.7%
If not for the _____ courage
64%
The _____ was a mighty sailin' man,mate
61.3%
On the _____ of thisshore
59.9%
That started from this _____ port,tropic
56%
_____ desert isle,Uncharted
40.6%
The ship set _____ ground
38.6%

Today's Daily Dose

You're not logged in!

Compare scores with friends on all Sporcle quizzes.
Join for Free
OR
Log In

You Might Also Like...

Show Comments

Extras

Top Quizzes Today


Score Distribution

Your Account Isn't Verified!

In order to create a playlist on Sporcle, you need to verify the email address you used during registration. Go to your Sporcle Settings to finish the process.

Report this User

Report this user for behavior that violates our Community Guidelines.

Details: